000 00769nam a2200241Ia 4500
001 dia_4035
003 CHAP
005 20251029151108.0
008 220117s1993 xx 000 0 und d
010 _a170736
040 _cCHAP
_amxchpua
090 _aFOLLETO 2580
100 _aSecretaría de salud dirección general de control sanitario de bienes y servicio
_9147842
245 _aManual de aplicación del analisis de riesgos, identificación y control de puntos críticos /
_c S.A.A. México
260 _aMéxico :
_b S.S.A.,
_c1993
300 _a49 p.
500 _aD.
650 _aAlimentos
_xHigiene
_94224
901 _aFOLLETO 2580
902 _aM
905 _a0000001993 mx 0000000000spa00
942 _cFOLL
_2local
999 _c170736
_d170736